[Event "UzChess Cup Challengers"]
[Site "Tashkent UZB"]
[Date "2025.06.24"]
[Round "6"]
[White "Hong,Andrew"]
[Black "Ivanchuk,V"]
[Result "0-1"]
[WhiteElo "2589"]
[BlackElo "2634"]
[EventDate "2025.06.18"]

1. Nf3 c5 2. c4 Nc6 3. Nc3 Nf6 4. g3 g6 5. Bg2 Bg7 6. d4 O-O 7. d5 Na5 8.
Nd2 d6 9. O-O e5 10. a3 b6 11. b4 Nb7 12. e4 Bd7 13. Rb1 Bh6 14. f4 cxb4
15. axb4 a5 16. bxa5 Nxa5 17. Nb5 exf4 18. gxf4 Nh5 19. f5 Be3+ 20. Kh1 Qh4
21. Rf3 Bxd2 22. Bxd2 Nxc4 23. Rh3 Qf2 24. Be1 Qf4 25. Nc3 Rfc8 26. Rxh5
gxh5 27. Qxh5 f6 28. Ne2 Qg5 29. Qh3 Ra3 30. Bg3 Kh8 31. Nf4 Ne5 32. Rf1
Rg8 33. Ne6 Rxg3 34. hxg3 Qxg3 35. Qxg3 Rxg3 36. Rb1 b5 37. Bf1 h5 38. Nf4
Rg4 39. Ng6+ Nxg6 40. fxg6 Rxe4 41. Bxb5 Bf5 42. Ra1 Rb4 43. Be8 Rb1+ 44.
Rxb1 Bxb1 45. Kg2 Kg7 46. Kf3 Bxg6 47. Bd7 f5 48. Kf4 Kf6 49. Bb5 Bf7 50.
Bd3 Bxd5 51. Bxf5 Be6 52. Be4 h4 53. Bf3 Bh3 54. Bb7 Bf1 55. Bf3 h3 56. Bg4
Bg2 57. Kg3 Ke5 58. Bc8 d5 59. Ba6 Kd4 60. Bb7 Kc4 61. Kf2 d4 62. Bc8 Kc3
63. Bg4 d3 64. Bd1 Kd2 65. Bg4 Kc1 66. Kg3 Bf1 67. Bf3 Be2 68. Bc6 d2 69.
Ba4 h2 70. Kg2 h1=B+ 71. Kf2 Bd3 72. Ke3 Bc2 73. Bc6 d1=R 74. Bb5 Re1+ 75.
Kd4 Kd2 76. Ba6 Re4+ 77. Kc5 Kc3 78. Bb7 Rc4+ 79. Kd6 Bxb7 0-1

[Event "UzChess Cup Challengers"]
[Site "Tashkent UZB"]
[Date "2025.06.24"]
[Round "6"]
[White "Ma Qun"]
[Black "Abasov,N"]
[Result "1/2-1/2"]
[WhiteElo "2630"]
[BlackElo "2594"]
[EventDate "2025.06.18"]

1. e4 e5 2. Nf3 Nf6 3. d4 Nxe4 4. dxe5 d5 5. Nbd2 Be7 6. Nxe4 dxe4 7. Qxd8+
Bxd8 8. Nd4 Nd7 9. Bf4 g5 10. Bg3 h5 11. h3 h4 12. Bh2 Nc5 13. O-O-O c6 14.
Bc4 Bb6 15. Rhe1 a5 16. e6 Bxe6 17. Bxe6 fxe6 18. Bd6 O-O-O 19. Bxc5 Bxc5
20. Nxe6 Bxf2 21. Rxe4 Rde8 22. Rf1 Rh6 23. Rxf2 Rhxe6 24. Rxe6 Rxe6 25.
Rf5 g4 26. Rf4 gxh3 27. gxh3 Re2 28. Rxh4 Rh2 29. a4 Kc7 30. Rh5 Kb6 31. b3
Rh1+ 32. Kb2 Rh2 33. Kc3 Rg2 34. Rh8 Kc5 35. h4 Rg3+ 36. Kb2 Rh3 37. h5 Kb6
38. h6 Kc5 39. h7 Kb6 40. Kc1 Rh2 41. Kd1 Kc5 42. c3 Kb6 43. Ke1 Ka7 44.
Kf1 Rh6 45. Kf2 Rf6+ 46. Ke3 Rh6 47. Kf4 Rh1 48. Kf5 Rf1+ 49. Ke6 Re1+ 50.
Kd6 Rh1 51. Kc5 Rh5+ 52. Kd6 Rh1 53. Kc7 Rh2 54. b4 axb4 55. cxb4 Rh1 56.
b5 1/2-1/2

[Event "UzChess Cup Challengers"]
[Site "Tashkent UZB"]
[Date "2025.06.24"]
[Round "6"]
[White "Theodorou,Nikolas"]
[Black "Vakhidov,J"]
[Result "1-0"]
[WhiteElo "2613"]
[BlackElo "2539"]
[EventDate "2025.06.18"]

1. d4 Nf6 2. Nf3 d5 3. c4 e6 4. Nc3 Bb4 5. e3 O-O 6. Bd3 dxc4 7. Bxc4 c5 8.
O-O cxd4 9. exd4 b6 10. Qa4 Be7 11. Rd1 Bb7 12. Ne5 Qe8 13. Bb5 Qc8 14. Bg5
a6 15. Bd3 b5 16. Qc2 h6 17. Bxf6 gxf6 18. Qd2 fxe5 19. Qxh6 f5 20. Qg6+
Kh8 21. dxe5 Bc5 22. Qh6+ Kg8 23. Bc2 Be4 24. Bxe4 Ra7 25. Nd5 fxe4 26.
Nf6+ Rxf6 27. exf6 Qf8 28. Qg5+ Kf7 29. Rac1 Nd7 30. b4 Bxb4 31. Rc8 Qxc8
32. Qg7+ Ke8 33. f7+ Kd8 34. f8=Q+ 1-0

[Event "UzChess Cup Challengers"]
[Site "Tashkent UZB"]
[Date "2025.06.24"]
[Round "6"]
[White "Suyarov,Mukhammadzokhid"]
[Black "Tokhirjonova,Gulrukhbegim"]
[Result "1/2-1/2"]
[WhiteElo "2490"]
[BlackElo "2370"]
[EventDate "2025.06.18"]

1. d4 Nf6 2. c4 e6 3. Nf3 d5 4. Nc3 c6 5. Bg5 dxc4 6. e4 b5 7. e5 h6 8. Bh4
g5 9. Nxg5 hxg5 10. Bxg5 Be7 11. exf6 Bxf6 12. Bxf6 Qxf6 13. g3 Na6 14. Bg2
Bb7 15. Nxb5 O-O-O 16. Qa4 cxb5 17. Bxb7+ Kxb7 18. Qxb5+ Ka8 19. Qc6+ Kb8
20. Qb5+ Ka8 21. Qc6+ Kb8 22. Qb5+ Ka8 1/2-1/2

[Event "UzChess Cup Challengers"]
[Site "Tashkent UZB"]
[Date "2025.06.24"]
[Round "6"]
[White "Sivuk,V"]
[Black "Madaminov,Mukhiddin"]
[Result "1/2-1/2"]
[WhiteElo "2522"]
[BlackElo "2536"]
[EventDate "2025.06.18"]

1. c4 Nf6 2. Nc3 e5 3. Nf3 Nc6 4. g3 d5 5. cxd5 Nxd5 6. Bg2 Bc5 7. O-O O-O
8. d3 h6 9. Bd2 Re8 10. a3 Nf6 11. b4 Bf8 12. Ne1 Nd4 13. e3 Nf5 14. Qc2 c6
15. Nf3 Nd6 16. Na4 e4 17. Nd4 exd3 18. Qxd3 Nde4 19. Rfc1 Nxd2 20. Qxd2 a5
21. Qb2 axb4 22. axb4 Bd7 23. b5 cxb5 24. Nxb5 Ra5 25. Nac3 Bc5 26. Rxa5
Qxa5 27. Ra1 Qb6 28. Na4 Qxb5 29. Qxb5 Bxb5 30. Nxc5 b6 31. Nb3 Bd7 32. Nd4
Kf8 33. Ra7 Rc8 34. h3 h5 35. Rb7 b5 36. Kh2 Rc1 37. Bf3 g6 38. Be2 Ra1 39.
e4 Ra4 40. e5 Rxd4 41. exf6 Kg8 42. Rb8+ Kh7 43. Rd8 b4 44. Bb5 b3 45. Bxd7
b2 46. Rb8 Rxd7 47. Rxb2 Rd6 1/2-1/2

[Event "UzChess Cup Challengers"]
[Site "Tashkent UZB"]
[Date "2025.06.25"]
[Round "7"]
[White "Madaminov,Mukhiddin"]
[Black "Hong,Andrew"]
[Result "1-0"]
[WhiteElo "2536"]
[BlackElo "2589"]
[EventDate "2025.06.18"]

1. e4 c6 2. d4 d5 3. e5 Bf5 4. Nf3 e6 5. Be2 c5 6. Be3 cxd4 7. Nxd4 Ne7 8.
Nd2 Nbc6 9. N2f3 Bg4 10. O-O Bxf3 11. Nxf3 Ng6 12. c4 dxc4 13. Bxc4 Be7 14.
Qb3 Qb8 15. Nd4 Ngxe5 16. Bxe6 O-O 17. Bh3 Nxd4 18. Bxd4 Bf6 19. Bc3 Rd8
20. Rad1 Qc7 21. Rfe1 h5 22. Re4 Qc5 23. Rf1 Rd3 24. Qxb7 Rad8 25. Rf4 h4
26. Rf5 Qd5 27. Qxd5 R8xd5 28. Re1 Nd7 29. Rf4 Bxc3 30. bxc3 g5 31. Ra4 Ne5
32. f4 gxf4 33. Rxf4 Rxc3 34. Rxh4 Ra3 35. Rhe4 Nd3 36. Rf1 Re5 37. Rg4+
Kf8 38. Rg3 Rea5 39. Rff3 Rd5 40. Be6 Nf4 41. Bxd5 Ra4 42. Rxf4 Rxf4 43.
Rf3 Rd4 44. Bxf7 Ke7 45. Bb3 a5 46. a4 Kd6 47. h3 Kc5 48. g4 Kb4 49. g5 Rd6
50. Rg3 Rg6 51. h4 Rg7 52. h5 Ka3 53. Bf7+ Kb2 54. g6 Ka1 55. Rg2 Rxg6 56.
hxg6 1-0

[Event "UzChess Cup Challengers"]
[Site "Tashkent UZB"]
[Date "2025.06.25"]
[Round "7"]
[White "Tokhirjonova,Gulrukhbegim"]
[Black "Sivuk,V"]
[Result "0-1"]
[WhiteElo "2370"]
[BlackElo "2522"]
[EventDate "2025.06.18"]

1. e4 c5 2. Nf3 d6 3. Bb5+ Bd7 4. a4 Nf6 5. Nc3 Nc6 6. d4 cxd4 7. Nxd4 g6
8. h3 Bg7 9. Be3 O-O 10. O-O a6 11. Be2 Rc8 12. Qd2 Re8 13. Rad1 Qa5 14. f4
Qb4 15. Bf3 Na5 16. Nb1 Qxd2 17. Nxd2 e5 18. N4b3 Nxb3 19. cxb3 b5 20. g4
exf4 21. Bxf4 Bc6 22. axb5 axb5 23. Rfe1 Nd7 24. Bxd6 Bxb2 25. Nf1 Bc3 26.
Re3 b4 27. Red3 Ne5 28. Bxe5 Rxe5 29. Ng3 Kg7 30. h4 Ra8 31. Rd6 Bb5 32. h5
Ra2 33. R6d5 Bc6 34. Rd6 Bb7 35. Rd7 Bc8 36. h6+ Kxh6 37. Rxf7 Be6 38. Rb7
Bxb3 39. Rdd7 Be6 40. Rxh7+ Kg5 41. Ne2 Bxg4 42. Kf2 Rxe4 43. Rb5+ Be5 44.
Bxe4 Rxe2+ 45. Kg1 Rxe4 46. Rhb7 Bf3 47. Kf2 Kg4 48. Rxb4 Bd4+ 49. Kf1 Kg3
50. Rb3 Rh4 51. Ke1 g5 52. Rd7 Be5 53. Kd2 Rh1 54. Rf7 g4 55. Rb4 Rd1+ 56.
Kc2 Rd6 57. Rf5 Bd4 58. Rf8 Kf2 59. Rb3 Be3 60. Rb5 Kg2 61. Re5 Bf2 62. Kb3
g3 63. Rg5 Rd4 64. Rgf5 Bg4 65. Rg5 Be6+ 66. Kc3 Rg4 67. Rb5 Be1+ 68. Kc2
Bc4 69. Re5 Bf2 70. Ra5 Kg1 71. Kd2 g2 72. Rh8 Bh4 73. Rah5 Bg5+ 74. Kc3
Bf6+ 75. Kd2 Bxh8 76. Rxh8 Kf2 77. Rh2 Kg3 0-1

[Event "UzChess Cup Challengers"]
[Site "Tashkent UZB"]
[Date "2025.06.25"]
[Round "7"]
[White "Vakhidov,J"]
[Black "Suyarov,Mukhammadzokhid"]
[Result "0-1"]
[WhiteElo "2539"]
[BlackElo "2490"]
[EventDate "2025.06.18"]

1. d4 Nf6 2. c4 e6 3. Nf3 d5 4. Nc3 c6 5. Bg5 h6 6. Bxf6 Qxf6 7. e3 g6 8.
Be2 Nd7 9. O-O dxc4 10. e4 e5 11. d5 Nb6 12. Nd2 Bc5 13. Nxc4 O-O 14. Rc1
Rd8 15. Kh1 g5 16. Ne3 Bd4 17. Bg4 Bxg4 18. Nxg4 Qg6 19. Qf3 Rd6 20. Ne3
Bxe3 21. fxe3 Rad8 22. Rcd1 Kg7 23. h3 h5 24. b3 f6 25. dxc6 bxc6 26. Rxd6
Rxd6 27. Ne2 g4 28. Qf2 Rd2 29. hxg4 hxg4 30. Re1 Nd7 31. Kg1 Nc5 32. Qf1
Nxe4 33. Rd1 Qg5 34. Rxd2 Qxe3+ 35. Kh1 Qxd2 0-1

[Event "UzChess Cup Challengers"]
[Site "Tashkent UZB"]
[Date "2025.06.25"]
[Round "7"]
[White "Abasov,N"]
[Black "Theodorou,Nikolas"]
[Result "1/2-1/2"]
[WhiteElo "2594"]
[BlackElo "2613"]
[EventDate "2025.06.18"]

1. e4 d6 2. d4 Nf6 3. Nc3 g6 4. Be3 Bg7 5. Qd2 a6 6. a4 d5 7. e5 Ng4 8. Bf4
c5 9. h3 cxd4 10. Qxd4 Nc6 11. Qxd5 Qb6 12. Qd2 Ngxe5 13. Nd5 Qd8 14. Be3
Be6 15. Rd1 O-O 16. f4 Nd7 17. c4 Nf6 18. Bb6 Qc8 19. Ne2 Ne4 20. Qe3 f5
21. Nec3 Bxd5 22. Nxd5 e6 23. Nc7 e5 24. g3 exf4 25. gxf4 Nb4 26. Qb3 a5
27. Bg2 Nc5 28. Bxc5 Qxc7 29. Bd6 Rfe8+ 30. Kf1 Qc8 31. Bf3 Bf8 32. c5+ Qe6
33. Qxe6+ Rxe6 34. Be5 Bxc5 1/2-1/2

[Event "UzChess Cup Challengers"]
[Site "Tashkent UZB"]
[Date "2025.06.25"]
[Round "7"]
[White "Ivanchuk,V"]
[Black "Ma Qun"]
[Result "1/2-1/2"]
[WhiteElo "2634"]
[BlackElo "2630"]
[EventDate "2025.06.18"]

1. f4 d5 2. Nf3 Bg4 3. e3 Nf6 4. h3 Bxf3 5. Qxf3 e6 6. d3 Nc6 7. g4 Nb4 8.
Rh2 c5 9. e4 h6 10. Na3 Be7 11. Bd2 a6 12. c3 Nc6 13. Nc2 d4 14. O-O-O e5
15. g5 Nd7 16. gxh6 Rxh6 17. Rg2 Bf6 18. f5 Rh7 19. c4 b5 20. Kb1 Nb6 21.
Ka1 Nc8 22. Na3 Nd6 23. Rc1 Qb6 24. Be1 Kd7 25. Rg4 Rah8 26. Qd1 b4 27. Nb1
Rh5 28. Nd2 Bg5 29. Rb1 Ne8 30. Nf3 Bf4 31. h4 Ke7 32. Bh3 Kf8 33. Qe2 Be3
34. Rg2 Bf4 35. Bf2 b3 36. a3 Nb4 37. Rh1 Nc2+ 38. Kb1 R5h6 39. Bg3 Bxg3
40. Rxg3 Qc7 41. Rhg1 Qe7 42. Qd2 Qc7 43. Rg5 Ne3 44. Qh2 a5 45. Qg3 a4 46.
Rxg7 Nxg7 47. Qxg7+ Ke8 48. Nxe5 Qe7 49. Nf3 f6 50. Qg3 Kd7 51. e5 Kc6 52.
e6 Qc7 53. Qe1 Kb6 54. Nxd4 cxd4 55. Qb4+ Ka7 56. Qxa4+ Kb8 57. Qb4+ Kc8
58. Bg2 Nxg2 59. Rxg2 Qb7 60. Qc5+ Kb8 61. Rg1 Rxh4 62. Rc1 Rh1 63. Qxd4
Rxc1+ 64. Kxc1 Rh1+ 65. Kd2 Rh2+ 66. Ke3 Qc7 67. Qxf6 Qg3+ 68. Kd4 Qd6+ 69.
Kc3 Rc2+ 70. Kxb3 Qxd3+ 71. Ka4 Rxc4+ 72. b4 Qd1+ 73. Ka5 Qd5+ 74. Ka4 Qc6+
75. Ka5 Re4 76. Qf8+ Kb7 77. Qf7+ Qc7+ 78. Qxc7+ Kxc7 79. Ka6 Re5 80. a4
Rxf5 81. Ka7 Re5 82. b5 Rxe6 83. a5 Kc8 84. b6 Re7+ 85. Ka8 Rb7 86. a6 Rxb6
87. a7 Rb7 1/2-1/2

[Event "UzChess Cup Challengers"]
[Site "Tashkent UZB"]
[Date "2025.06.26"]
[Round "8"]
[White "Hong,Andrew"]
[Black "Ma Qun"]
[Result "0-1"]
[WhiteElo "2589"]
[BlackElo "2630"]
[EventDate "2025.06.18"]

1. c4 Nf6 2. Nf3 e6 3. Nc3 d5 4. d4 c6 5. e3 a6 6. b3 Bb4 7. Bd2 Nbd7 8.
Bd3 O-O 9. O-O Bd6 10. e4 dxe4 11. Nxe4 Nxe4 12. Bxe4 e5 13. Qc2 h6 14. Bc3
exd4 15. Bh7+ Kh8 16. Bxd4 Qa5 17. Rae1 Qh5 18. Re4 Kxh7 19. Re6+ Kg8 20.
Rxd6 Nc5 21. Re1 Bf5 22. Qc3 Ne6 23. Rdxe6 fxe6 24. Bxg7 Rfd8 25. Bd4 Kh7
26. Qa5 Rd7 27. Rxe6 Rg8 28. Nh4 c5 29. Nxf5 Qxf5 30. Re1 Qg6 31. g3 cxd4
32. h4 d3 33. Qd2 Re8 34. Rxe8 Qxe8 35. Kh2 Qe4 36. Kh3 Rf7 37. f4 h5 38.
Qd1 Qe6+ 39. Kg2 Qe2+ 40. Qxe2 dxe2 41. Kf2 Re7 42. Ke1 Kg6 43. c5 Kf5 44.
b4 Kg4 45. f5 Kf3 0-1

[Event "UzChess Cup Challengers"]
[Site "Tashkent UZB"]
[Date "2025.06.26"]
[Round "8"]
[White "Theodorou,Nikolas"]
[Black "Ivanchuk,V"]
[Result "0-1"]
[WhiteElo "2613"]
[BlackElo "2634"]
[EventDate "2025.06.18"]

1. d4 d5 2. Nf3 c6 3. c4 Nf6 4. cxd5 cxd5 5. Nc3 Nc6 6. Bf4 a6 7. Qb3 e6 8.
e3 Nh5 9. g3 Bd7 10. Bd3 Rc8 11. O-O Be7 12. h4 Nxf4 13. exf4 Bf6 14. Ne2
Na5 15. Qd1 Qb6 16. b3 Nc6 17. Rc1 Ke7 18. Bb1 Nxd4 19. Nexd4 Rxc1 20. Qxc1
Bxd4 21. Nxd4 Qxd4 22. Qa3+ Kf6 23. Qd6 Bc6 24. h5 h6 25. g4 Rc8 26. Re1
Qc3 27. Re5 Qc1+ 28. Kg2 d4+ 29. Be4 Bxe4+ 30. Rxe4 Qc5 31. Qd7 Qd5 32.
Qxd5 exd5 33. Re5 Rd8 34. Kf3 Rd6 35. Re8 d3 36. Re3 Rc6 37. Re5 Rc5 38.
Re3 Rc3 39. Re5 d2+ 40. Ke2 Rd3 41. Kd1 Rd4 42. f3 Rxf4 43. Rxd5 Rxf3 44.
Rd7 Kg5 45. Rxb7 Kxg4 46. Ra7 Kxh5 47. Rxa6 g5 48. Kxd2 g4 49. Ke2 Rf4 50.
Ra4 Kg5 51. Ra8 g3 52. Rg8+ Kh4 53. Ke3 Rg4 54. Rxg4+ Kxg4 55. b4 Kh3 56.
Kd4 0-1

[Event "UzChess Cup Challengers"]
[Site "Tashkent UZB"]
[Date "2025.06.26"]
[Round "8"]
[White "Suyarov,Mukhammadzokhid"]
[Black "Abasov,N"]
[Result "1-0"]
[WhiteElo "2490"]
[BlackElo "2594"]
[EventDate "2025.06.18"]

1. e4 c5 2. Nf3 Nc6 3. Bb5 e6 4. c3 d5 5. d3 Nf6 6. e5 Nd7 7. O-O Qb6 8.
Ba4 Be7 9. d4 O-O 10. Bc2 cxd4 11. Qd3 f5 12. cxd4 Nb4 13. Qd1 Nxc2 14.
Qxc2 Nb8 15. Nc3 Bd7 16. Qd1 h6 17. Kh1 Nc6 18. Rg1 Be8 19. Ne2 g5 20. h4
Kg7 21. Nh2 Rc8 22. Bd2 Qxb2 23. hxg5 hxg5 24. Rb1 Qxa2 25. Rxb7 Qa6 26.
Rxe7+ Nxe7 27. Bxg5 Kf7 28. Nf4 Rh8 29. Bf6 Rh7 30. Nh3 Kf8 31. Ng5 Rh6 32.
Qd2 Rg6 33. Qb4 Rc7 34. Qd6 Qxd6 35. exd6 Rxf6 36. Nh7+ Kf7 37. Nxf6 Rc4
38. d7 Bxd7 39. Nxd7 Rxd4 40. Ra1 Nc6 41. Nf3 Rb4 42. Ra6 Ke7 43. Rxc6 Kxd7
44. Ra6 Ke7 45. Ne5 Kf6 46. Nd7+ Ke7 47. Nc5 Rb6 48. Rxa7+ Kd6 49. Nd3 d4
50. Ra5 Rb3 51. Ra6+ Kd5 52. Nf4+ Ke4 53. Nxe6 Rb1+ 54. Kh2 d3 55. Ng5+ Kd5
56. Ra5+ Kc4 57. Nf3 Rb2 58. Rxf5 1-0

[Event "UzChess Cup Challengers"]
[Site "Tashkent UZB"]
[Date "2025.06.26"]
[Round "8"]
[White "Sivuk,V"]
[Black "Vakhidov,J"]
[Result "1-0"]
[WhiteElo "2522"]
[BlackElo "2539"]
[EventDate "2025.06.18"]

1. d4 Nf6 2. Nf3 g6 3. Bf4 Bg7 4. e3 O-O 5. Be2 Nh5 6. Bg5 h6 7. Bh4 g5 8.
g4 gxh4 9. gxh5 c5 10. Nc3 d5 11. Rg1 Nc6 12. Qd2 Kh8 13. O-O-O Bf5 14.
Nxh4 Bh7 15. Rg4 Bf6 16. Nf3 Qd7 17. Rdg1 Rg8 18. Rxg8+ Rxg8 19. Rxg8+ Kxg8
20. dxc5 Nb4 21. e4 d4 22. a3 Qe6 23. Nxd4 Na2+ 24. Nxa2 Qxa2 25. c3 e5 26.
Nc2 Bg5 27. Ne3 Qa1+ 28. Kc2 Bxe4+ 29. Bd3 Bc6 30. Kb3 a5 31. Bc4 a4+ 32.
Kb4 Qg1 33. h4 Bxh4 34. Nf5 Qxf2 35. Nxh6+ Kg7 36. Qxf2 Bxf2 37. Nxf7 Bg3
38. h6+ Kg6 39. Nd6 Bf4 40. Bb5 Bf3 41. Bxa4 Kxh6 42. Bc2 Kg5 43. a4 Bc1
44. b3 Kf4 45. a5 Bd2 46. Be4 Bxe4 47. Nxe4 Be3 48. Nd6 e4 49. Kc4 Bf2 50.
b4 Bg3 51. Nxe4 Kxe4 52. b5 Bb8 53. c6 Ke5 54. Kc5 Ke6 55. Kb6 Kd5 1-0

[Event "UzChess Cup Challengers"]
[Site "Tashkent UZB"]
[Date "2025.06.26"]
[Round "8"]
[White "Madaminov,Mukhiddin"]
[Black "Tokhirjonova,Gulrukhbegim"]
[Result "1/2-1/2"]
[WhiteElo "2536"]
[BlackElo "2370"]
[EventDate "2025.06.18"]

1. e4 c5 2. Nf3 e6 3. d4 cxd4 4. Nxd4 Nc6 5. Nb5 d6 6. c4 Nf6 7. N1c3 a6 8.
Na3 Be7 9. Be2 O-O 10. O-O b6 11. Be3 Bb7 12. Qb3 Nd7 13. Rfd1 Nc5 14. Qc2
Bf6 15. Rac1 Be5 16. Nab1 f5 17. f4 Bxc3 18. Nxc3 fxe4 19. a3 e5 20. Nd5
Nd4 21. Bxd4 exd4 22. Rxd4 Ne6 23. Rxe4 Bxd5 24. cxd5 Nxf4 25. Bg4 Qg5 26.
Be6+ Kh8 27. Rce1 h6 28. Kh1 Nxd5 29. h4 Qh5 30. Qd1 Qxd1 1/2-1/2

[Event "UzChess Cup Challengers"]
[Site "Tashkent UZB"]
[Date "2025.06.27"]
[Round "9"]
[White "Tokhirjonova,Gulrukhbegim"]
[Black "Hong,Andrew"]
[Result "1/2-1/2"]
[WhiteElo "2370"]
[BlackElo "2589"]
[EventDate "2025.06.18"]

1. e4 Nc6 2. d4 d5 3. exd5 Qxd5 4. Nf3 Bg4 5. Nc3 Qh5 6. d5 O-O-O 7. Be2 e6
8. Ng5 Bxe2 9. Qxe2 Qxe2+ 10. Kxe2 Ne5 11. f4 h6 12. fxe5 hxg5 13. dxe6
fxe6 14. Bxg5 Be7 15. Bxe7 Nxe7 16. Rad1 Rdf8 17. Rdf1 Rd8 18. Rd1 Rdf8 19.
Rdf1 Nf5 20. Rf4 Rd8 21. Ne4 Nd4+ 22. Kd1 Nf5+ 23. Ke2 Nd4+ 24. Kd1 Nf5+
25. Kc1 Ne3 26. b3 Nxg2 27. Rf7 Rh5 28. Rxg7 Nh4 29. Ng5 Nf5 30. Rg6 Nh4
31. Rg7 Nf5 32. Rg6 Nh4 33. Rg7 Nf5 1/2-1/2

[Event "UzChess Cup Challengers"]
[Site "Tashkent UZB"]
[Date "2025.06.27"]
[Round "9"]
[White "Vakhidov,J"]
[Black "Madaminov,Mukhiddin"]
[Result "0-1"]
[WhiteElo "2539"]
[BlackElo "2536"]
[EventDate "2025.06.18"]

1. d4 Nf6 2. c4 e6 3. Nf3 d5 4. Nc3 c6 5. Qd3 dxc4 6. Qxc4 b5 7. Qd3 a6 8.
e4 c5 9. e5 c4 10. Qb1 Nd5 11. a4 b4 12. Ne4 c3 13. bxc3 bxc3 14. Bc4 Nc6
15. Ba3 Bxa3 16. Rxa3 O-O 17. Neg5 g6 18. O-O Rb8 19. Qc1 Rb4 20. Bxd5 Qxd5
21. Rxc3 Bb7 22. Rc5 Nxd4 23. Rxd5 Ne2+ 24. Kh1 Nxc1 25. Rd2 Nb3 26. Rb2 h6
27. Nh3 Rb8 28. Rfb1 Be4 29. Re1 Bd5 30. Nhg1 Rxa4 31. Ne2 Rab4 32. Nc3 Bc6
33. Nd2 Nxd2 34. Rxd2 Rc4 35. Ne2 Re4 36. f4 Rb3 37. Rc1 Bb5 38. Nd4 Rc3
39. Rb1 Bd3 40. Rb8+ Kg7 41. Nxe6+ fxe6 42. Rb7+ Kf8 43. Rb8+ Ke7 44. Rb7+
Kd8 45. g3 0-1

[Event "UzChess Cup Challengers"]
[Site "Tashkent UZB"]
[Date "2025.06.27"]
[Round "9"]
[White "Abasov,N"]
[Black "Sivuk,V"]
[Result "1/2-1/2"]
[WhiteElo "2594"]
[BlackElo "2522"]
[EventDate "2025.06.18"]

1. e4 c6 2. Nf3 d5 3. Nc3 Bg4 4. h3 Bxf3 5. Qxf3 Nf6 6. d4 dxe4 7. Qe3 e6
8. Nxe4 Nxe4 9. Qxe4 Nd7 10. Be2 Nf6 11. Qe3 Nd5 12. Qb3 Qb6 13. O-O Qxb3
14. axb3 a6 15. c3 O-O-O 16. g3 h5 17. h4 g6 18. Kg2 Bh6 19. f4 Bf8 20. b4
Be7 21. Bf3 Kc7 22. Re1 Rd7 23. Kf2 Bf6 24. Bd2 Rhd8 25. Ke2 Kc8 26. Red1
Nc7 27. Be3 Nd5 28. Bf2 Kb8 29. Kd3 Ne7 30. Kc2 Nf5 31. Re1 Kc7 32. Rad1
Kb8 33. Rh1 Rh8 34. Rh2 Nh6 1/2-1/2

[Event "UzChess Cup Challengers"]
[Site "Tashkent UZB"]
[Date "2025.06.27"]
[Round "9"]
[White "Ivanchuk,V"]
[Black "Suyarov,Mukhammadzokhid"]
[Result "1-0"]
[WhiteElo "2634"]
[BlackElo "2490"]
[EventDate "2025.06.18"]

1. e4 e5 2. Nf3 Nf6 3. Nxe5 d6 4. Nf3 Nxe4 5. d4 d5 6. Bd3 Bd6 7. O-O O-O
8. c4 c6 9. Re1 Bf5 10. Qb3 Qd7 11. Nc3 Nxc3 12. Bxf5 Qxf5 13. Qxb7 Qd7 14.
Qxd7 Nxd7 15. c5 Bxc5 16. dxc5 Ne4 17. Nd4 Rfc8 18. Re2 Nexc5 19. Rc2 a5
20. Be3 Kf8 21. b3 f6 22. Kf1 Kf7 23. Rd1 g5 24. Ke2 Ne6 25. Nxc6 d4 26.
Bxd4 Ndc5 27. b4 axb4 28. Nxb4 Ra4 29. Bxc5 Rxc5 30. Rb2 h5 31. h3 Nf4+ 32.
Kf1 Ra3 33. Kg1 Kg6 34. Kh2 h4 35. Nc2 Rac3 36. Nd4 Re5 37. Rbd2 Ra3 38.
Rb1 Rd5 39. Rbb2 Re5 40. Nc2 Ra6 41. Ne3 Rea5 42. Rbc2 Rb5 43. Rc7 Ne6 44.
Re7 f5 45. Re8 Rba5 46. Nc4 Rc5 47. Nd6 Kf6 48. Rh8 Kg7 49. Rb8 Kf6 50. Rb7
Nf4 51. Ne8+ Ke5 52. Rf7 Rd5 53. Re7+ Re6 54. Rxe6+ Nxe6 55. Re2+ Kf4 56.
Nf6 1-0

[Event "UzChess Cup Challengers"]
[Site "Tashkent UZB"]
[Date "2025.06.27"]
[Round "9"]
[White "Ma Qun"]
[Black "Theodorou,Nikolas"]
[Result "0-1"]
[WhiteElo "2630"]
[BlackElo "2613"]
[EventDate "2025.06.18"]

1. e4 e5 2. Nf3 Nc6 3. Bb5 Nge7 4. Nc3 Nd4 5. Nxe5 c6 6. Be2 d5 7. O-O Ng6
8. f4 Bd6 9. Nf3 Nxe2+ 10. Qxe2 d4 11. e5 Be7 12. Ne4 Nxf4 13. Qf2 d3 14.
Ne1 Ne2+ 15. Kh1 Qd5 16. cxd3 Nxc1 17. Rxc1 Be6 18. Nf3 h6 19. b3 Qxd3 20.
Nc5 Bxc5 21. Qxc5 Qd5 22. Qe3 O-O 23. Rc4 Rad8 24. Qxa7 Qb5 25. Nd4 Qxe5
26. Nxe6 fxe6 27. Rcc1 Rxf1+ 28. Rxf1 Qe2 29. Rg1 Rd7 30. d4 Qe4 31. h3
Qxd4 32. Qb8+ Kh7 33. Rf1 Qe3 34. Kh2 Qd3 35. Rf3 Qd6+ 36. Qxd6 Rxd6 37.
Rf7 b6 38. a4 Kg6 39. Ra7 Rd3 40. Rc7 Rxb3 41. Rxc6 Kf6 42. Rc7 h5 43. Ra7
h4 44. a5 bxa5 45. Rxa5 g5 46. Kg1 e5 47. Ra8 Rb2 48. Rf8+ Ke6 49. Rg8 Kf5
50. Rf8+ Ke4 51. Rg8 Ke3 52. Rxg5 e4 53. g3 Kf3 54. gxh4 Rb1+ 55. Kh2 Rb2+
56. Kg1 Rb1+ 57. Kh2 e3 58. Rg3+ Ke4 59. Rg8 e2 60. Re8+ Kf3 61. Rf8+ Ke3
62. Re8+ Kd3 63. Kg3 e1=Q+ 64. Rxe1 Rxe1 65. Kf4 Rf1+ 66. Kg5 Ke4 67. h5
Ke5 68. Kg6 Ke6 69. h6 Rg1+ 70. Kh7 Kf7 71. h4 Rg6 0-1